000 00444nam a2200181Ia 4500
001 14875
005 20260306164946.0
008 260306t1990||||xx |||||||||||||| ||spa||
041 _aESP
082 _a519.5
_bF83E 1990
100 _aFreund, John E.
_eAUT
245 0 _aEstadística matemática con aplicaciones
260 _c1990
300 _axv, 622 páginas :
_c23 cm.
650 _aGEN
654 _aCMA
942 _cLIB
_dJUS
_fJUS
_2ddc
_n
999 _c14875
_d14875